000
00213 a2200097 4500
001
28975
100
_a
Bateman H
245
_a
Higher Transcendental Function
260
_a
_b
Bateman H
_c
090
_c
19367
_d
19367
942
_a
NUST-CAE
_c
M
_c
10410
999
_c
264048
_d
264048